01304nam a22001697a 4500003000600000005001700006008004100023040000800064082001300072245004900085260006200134300001400196505054900210505031300759650004401072650001801116GBCCL20241126110613.0180629b ||||| |||| 00| 0 eng d cGBC a229bSAC aSacred writingscedited by Jaroslav Pelikan; aNew York, N.Y. : bQuality Paperback Book Club, c©1992. a7 volumes a[V.1.] Judaism: The Tanakh / The new JPS translation -- [V.2.] Christianity: The Apocrypha and the new testament / from the revised English Bible -- [V.3.] Islam: The Qur'an / A contemporary translation by Ahmed Ali -- [V.4.] Confucianism: The Analects of Confucius / translated by Arthur Waley -- [V.6.] Buddhism: The Dhammapada / translated by John Ross Carter and Mahinda Palihawadana -- [V.5.] Hinduism: The Rig Veda / translated by Ralph T.H. Griffith -- [V.7.] On searching the scriptures -- your own or someone else's / Jaroslav Pelikan. aIslam : The Qur'an. Judaism : the Tanakh. Christianity : the apocrypha and the new testament. Confucianism : the Analects of Confucius. Buddhism : the Dhammapada. Hinduism : the Rig Veda. On searching the scriptures--your own or someone else's. Tanakh. Dhammapada. Rig Veda. New Testament. Apocrypha. Qur'an. aSacred books -- History and criticism.  aSacred books.